Textbook of water chemistry
Saved in:
| Main Author: | |
|---|---|
| Format: | Book |
| Language: | English |
| Published: |
Discovery Publishers
2011
|
| Tags: |
Add Tag
No Tags, Be the first to tag this record!
|
MARC
| LEADER | 00000nam a22000007a 4500 | ||
|---|---|---|---|
| 008 | 210419b ||||| |||| 00| 0 eng d | ||
| 020 | |a 978-81-8356-852-4 | ||
| 100 | |a IQBAL, Syed Aftab | ||
| 245 | |a Textbook of water chemistry |c Syed Aftab Iqbal & Fethi Kooli. |g 240p. | ||
| 260 | |b Discovery Publishers |c 2011 |h New Delhi |i 691668 |i 691669 |l GB855 .Iq1 |m Hydrochemistry. |m Hydrology | ||
| 500 | |a “It includes index | ||
| 942 | |a lcc |c BK |e ADEKANYE, I. H. |f 19/04/2021 | ||
| 952 | |0 0 |1 0 |2 lcc |4 0 |6 GB0855 I Q1 |7 0 |9 2181 |a HOL |b SL |c GJ |d 2021-04-19 |l 0 |o GB855 .Iq1 |p 2021-6035 |r 2021-04-19 00:00:00 |w 2021-04-19 |y BK | ||
| 952 | |0 0 |1 0 |2 lcc |4 0 |6 GB0855 I Q1 |7 0 |9 2183 |a HOL |b HOL |c GJ |d 2021-04-19 |l 0 |o GB855 .Iq1 |p 2021-6037 |r 2021-04-19 00:00:00 |w 2021-04-19 |y BK | ||
| 999 | |c 1135 |d 1135 | ||